00279nam a22001217a 4500020002200000050000800022060000800030082000800038100001400046245003400060250001100094260005200105 a978-626-96747-5-6 a078 a078 a078 a呂毓卿 a我們的文學夢 13h文學 a初版 a臺北市b上海商銀文教基金會c2025.05